| 000 -LEADER |
| fixed length control field |
00912nam a2200241Ia 4500 |
| 001 - CONTROL NUMBER |
| control field |
1919 |
| 003 - CONTROL NUMBER IDENTIFIER |
| control field |
GE_BSU |
| 005 - DATE AND TIME OF LATEST TRANSACTION |
| control field |
20221010161812.0 |
| 008 - FIXED-LENGTH DATA ELEMENTS--GENERAL INFORMATION |
| fixed length control field |
181216s2007ru xx |||||||||||||| ||rus|| |
| 020 ## - INTERNATIONAL STANDARD BOOK NUMBER |
| International Standard Book Number |
9785482015100 |
| 040 ## - CATALOGING SOURCE |
| Transcribing agency |
GE_BSU |
| 041 ## - LANGUAGE CODE |
| Language code of text/sound track or separate title |
rus |
| 080 ## - UNIVERSAL DECIMAL CLASSIFICATION NUMBER |
| Universal Decimal Classification number |
347.441(083.2) С-23 |
| 245 ## - TITLE STATEMENT |
| Title |
Сборник договоро : |
| Remainder of title |
Более 400 документов / |
| Statement of responsibility, etc. |
Aвт-сост. А.Н. Долженко [ и др.] |
| 250 ## - EDITION STATEMENT |
| Edition statement |
3-е изд. перераб. и доп. |
| 264 ## - PRODUCTION, PUBLICATION, DISTRIBUTION, MANUFACTURE, AND COPYRIGHT NOTICE |
| Place of production, publication, distribution, manufacture |
Москва : |
| Name of producer, publisher, distributor, manufacturer |
Проспект, |
| Date of production, publication, distribution, manufacture, or copyright notice |
2007. |
| 300 ## - PHYSICAL DESCRIPTION |
| Extent |
784 с.: |
| 653 ## - INDEX TERM--UNCONTROLLED |
| keyword |
Сборник договоро.Более 400 документов |
| 653 ## - INDEX TERM--UNCONTROLLED |
| keyword |
ხელშეკრულებების კრებული |
| 653 ## - INDEX TERM--UNCONTROLLED |
| keyword |
სამართალი |
| 700 ## - ADDED ENTRY--PERSONAL NAME |
| Personal name |
Долженко, А.Н. [ и др.] |
| Relator term |
ავტორ-შემდგენელი |
| 9 (RLIN) |
15207 |
| 942 ## - ADDED ENTRY ELEMENTS (KOHA) |
| Koha item type |
წიგნი |
| Source of classification or shelving scheme |
|